[Event "Hoogovens"]
[Site "Wijk aan Zee"]
[Date "1998.01.18"]
[Round "3"]
[White "Salov, Valery"]
[Black "Anand, Viswanathan"]
[Result "0-1"]
[WhiteElo "2680"]
[BlackElo "2770"]
[Annotator "Anand,V"]
[PlyCount "96"]
[EventDate "1998.01.16"]
[EventType "tourn"]
[EventRounds "13"]
[EventCountry "NED"]
[EventCategory "17"]
[SourceTitle "CBM 063"]
[Source "ChessBase"]
[SourceDate "1998.03.26"]
[SourceVersion "1"]
[SourceVersionDate "1998.03.26"]
[SourceQuality "1"]

1. d4 {Baburin} d5 2. Nf3 Nf6 3. c4 c6 4. Nc3 e6 5. Bg5 h6 6. Bxf6 Qxf6 7. e3
Nd7 8. Bd3 dxc4 9. Bxc4 g6 10. O-O Bg7 11. Rc1 ({Baburin: More common here is} 
11. e4 e5 12. d5 Nb6 {And then:} 13. Nd2 (13. Bb3 O-O 14. h3 (14. a4 a5 15. Qe2
Bg4 16. Rfd1 Bxf3 17. Qxf3 Qxf3 18. gxf3 Rfd8 19. Rac1 {1/2-1/2 Jussupow,
A-Knaak,R/Altensteig 1993}) 14... Bd7 15. Qe2 Kh7 16. Rfd1 Rae8 17. a4 Qe7 18.
a5 Nc8 19. dxc6 bxc6 20. Rd2 f5 21. Rad1 $16 {Benjamin-Blatny, Chicago 1995})
13... O-O 14. a4 a5 15. Ba2 Rd8 16. Qb3 cxd5 17. exd5 Qd6 18. Nb5 Qxd5 19. Qxd5
Nxd5 20. Bxd5 Rxd5 21. Nc7 Rxd2 22. Nxa8 Be6 23. Rfd1 Rxb2 24. Nc7 Bb3 25. Rdb1
Rxb1+ 26. Rxb1 Bxa4 27. Rxb7 $11 {Greenfeld,A-Fridman, Rishon LeZion 1997})
11... O-O 12. Bb3 Rd8 13. Qc2 Qe7 14. Rfd1 $6 (14. Ne4 Nf6 15. Nc5 b6 16. Ne5
Rd6 17. Ncd3 Bb7 18. Ba4 Rc8 19. b4 Nd7 20. f4 $1 $16 {0-1 Dautov,R-Dreev,A/
Reggio9596 1996/CBM 51 (60) [Dautov]}) 14... b6 15. a3 Bb7 16. Ba2 a6 $11 17.
Nd2 $2 (17. e4 c5 18. d5 b5 $13) 17... c5 $15 18. Nc4 {Baburin: It's not a
good idea for White to allow his opponent to isolate the d-pawn, since Black's
pieces are well placed both for blockade and attack upon the isolani. Safer
would be to play 18 dxc5 instead.} (18. d5 Bxc3 $1 $17) 18... cxd4 (18... b5
19. Na5 cxd4 20. Nxb7) 19. exd4 b5 (19... Rac8 $5 {Baburin}) 20. Na5 Nb6 21.
Nxb7 Qxb7 22. Ne2 Rac8 23. Qd3 Qd7 24. Rxc8 Rxc8 25. Bb3 Nc4 (25... h5 26. f4
Qd6) 26. Bxc4 Rxc4 27. f4 $1 $15 {Baburin: I think that White should try to do
without this move.} (27. g3 {Baburin looks better than the text.}) 27... h5 28.
Kf2 Bf6 29. g3 h4 {Baburin: Black is creating tension on the kingside. When
your opponent's pieces are passive, it's always a good idea to look for
another front - at some stage the defender won't be able to cope with all
threats.} 30. Rd2 Qd5 31. Rd1 (31. Qf3 Bxd4+ $1 (31... hxg3+ $2 32. hxg3) 32.
Nxd4 Rxd4 33. Qxd5 Rxd5 34. Rxd5 exd5 35. Ke3 Kg7 36. Kd4 Kf6 37. Kxd5 (37. g4
Ke6) 37... Kf5 38. Kc6 Kg4 (38... hxg3 $2 39. hxg3 Kg4 40. Kb6 Kxg3 41. Kxa6
Kxf4 42. Kxb5 g5 43. a4) 39. Kb6 h3 $1 {Salov} 40. Kxa6 Kf3 41. Kxb5 Kg2 42. a4
Kxh2 43. a5 Kxg3 44. a6 h2 $19) 31... Kg7 {Baburin: Such moves are most
unpleasant for the defender! Now White is nearly in zugzwang, while Black has
created an additional motif - ...Rc4-c8-h8.} 32. b3 (32. Qf3 $2 Bxd4+ $1) 32...
hxg3+ 33. hxg3 Rc8 34. Qf3 Qd6 35. b4 Rc4 36. Qd3 Qc7 (36... Qd5 37. Rd2 Qh1
38. Qf3 Qh2+ 39. Ke3) 37. d5 exd5 38. Qxd5 Bb2 39. Rd3 Rc2 40. Kf3 Qc8 41. Re3
$2 (41. f5 $1 gxf5 (41... g5 {>< g4} 42. Nd4) (41... Qh8 42. fxg6 Qh1+ 43. Ke3
Bc1+ 44. Nxc1 Qxc1+ 45. Ke4 Qh1+ 46. Ke3 Qg1+ 47. Ke4 Qh1+ (47... Qg2+ 48. Ke5
$1) 48. Ke3 $11) 42. Nf4 $44) (41. Rd2 Bxa3 $1 (41... Rxd2 42. Qxd2 Bxa3 43.
Qa2 $1 $11 {Salov}) 42. Rxc2 Qxc2 43. Qe5+ Kh7 $17) 41... Qh3 42. Qd1 Qh5+ 43.
Kf2 $1 (43. Kg2 $2 Rc1 44. Qxc1 Bxc1 45. Nxc1 a5 $1 46. Rd3 $1 (46. bxa5 Qc5
$19) 46... Qf5 $17) 43... Qh2+ $1 (43... Rc1 $2 44. Qxc1 Bxc1 45. Nxc1 Qh1 46.
Ne2 $11) 44. Kf3 Rc8 $1 45. Qb1 $2 (45. Rd3 $1) 45... Bc1 $1 $19 46. Nxc1 Qh1+
47. Kf2 (47. Ke2 Rxc1 48. Qb3 Qg2+ 49. Kd3 Rc6 $1 $19) 47... Rxc1 48. Qd3 (48.
Qb2+ {Baburin} Kh7 $19) 48... Rg1 0-1

[Event "Belgrade Investbank"]
[Site "Belgrade"]
[Date "1997.11.12"]
[Round "2"]
[White "Kramnik, Vladimir"]
[Black "Anand, Viswanathan"]
[Result "0-1"]
[WhiteElo "2770"]
[BlackElo "2765"]
[Annotator "Anand,V"]
[PlyCount "84"]
[EventDate "1997.11.11"]
[EventType "tourn"]
[EventRounds "9"]
[EventCountry "YUG"]
[EventCategory "18"]
[SourceTitle "CBM 062"]
[Source "ChessBase"]
[SourceDate "1998.01.31"]
[SourceVersion "1"]
[SourceVersionDate "1998.01.31"]
[SourceQuality "1"]

{The previous day, I had lost to Lautier in a game that, as Kramnik once said
about one of his own games, "If I publish a book about my best games, this
game will not be in it!" Coincidentally, I found myself playing the same
Kramnik with Black the next day!} 1. Nf3 {Lutz} Nf6 2. c4 e6 3. Nc3 d5 4. d4 c6
{The Semi-Slav, which used to be Kramnik's mainstay for many years. This year
he seems to have lost interest in it, - he has played everything under the sun,
from the QGD to the KID - but I was still feeling nervous about playing it
against him!} 5. Bg5 h6 6. Bh4 {The most dangerous continuation against the
Moscow variation. 6.Bxf6 has lost some of it's sting - Black has done quite
well recently here. Vlad plays the Moscow variation himself as Black, so this
didn't come as a surprise.} dxc4 7. e4 g5 8. Bg3 b5 9. Be2 Bb7 10. e5 $1 (10.
O-O Nbd7 {Is more common.}) 10... Nh5 {Maybe Black will have to look at 10...
Nd5 in the future.} (10... Nd5 $5 {Lutz}) 11. a4 $1 {An excellent move -
White's idea is to force Black to play a6 and thereby deprive him of the
Na6-c7 manoeuvre. Lutz: Eine starke Neuerung, die mit einem überraschenden
Opfer verbunden ist. In der Folge stütze ich mich auf die Kommentare von V.
Anand in "Schach" 1/98 und NIC 8/97 sowie auf die Kommentare von Oscar de la
Riva in "Jaque" Nr. 463} (11. Nxg5 Nxg3 12. Nxf7 Kxf7 13. fxg3 Kg8 14. O-O Na6
$1 {/\ Nc7}) (11. O-O {Lutz 1-0 Piket,J-Dreev,A/Groningen 1991/CBM 27/[Ftacnik]
(25)}) (11. Ne4 {Lutz} Bb4+ 12. Kf1 Nd7 (12... Qd5 $5 {De la Riva}) 13. Nfxg5
Ng7 14. Nh3 Nf5 15. Bg4 Nxg3+ 16. hxg3 $16 {1-0 Relange,E-Buturin,V/Ubeda op
1997/EXP 56 (34)}) 11... a6 {By now, I had guessed his idea, but couldn't
completely believe it and anyway I didn't see anything better than a6, so I
took a deep breath!} 12. Nxg5 $1 Nxg3 13. Nxf7 Kxf7 14. fxg3 {Lutz: Weiß hat
nur einen Bauern für die Figur, aber der König des Schwarzen ist exponiert,
außerdem liegt er weit in der Entwicklung zurück.} Kg8 $1 (14... Ke8 {I don't
think Black can hope to escape to the queen side and this was a sample
variation I saw during the game. Once again, observe how the absence of
Nb8-a6-c7 changes the evaluation of the position!} 15. O-O Kd7 16. Rf7+ Be7 17.
Bg4 Kc7 18. Bxe6 Rf8 19. Rg7 Kb6 20. d5 $16) (14... Nd7 $2 {Wrong order!} 15.
Bh5+ $1 Ke7 (15... Kg7 16. O-O $1) (15... Kg8 $4 16. Qg4+ Qg5 17. Qxe6+ $18)
16. O-O Nxe5 17. dxe5 Qxd1 18. Raxd1 Rh7 19. Ne4 $18) 15. O-O Nd7 {Basically
Black wants to play 16...Qe7 against 16.Bg4 and meet 16.Bh5 with 16...Rh7, so
15...Nd7 seems like the best thing to do!} (15... c5 $5 {Lutz: wird von De la
Riva vorgeschlagen. Die schwarze Stellung ist zu unterentwickelt, als daß
dieser Zug funktionieren könnte :} 16. Qc2 Bg7 17. Qg6 {Lutz: und Schwarz wird
nicht lang überleben.}) 16. Bg4 (16. Bh5 Rh7 17. Qg4+ Qg5) (16. Bxc4 {Lutz}
bxc4 17. Qg4+ Bg7 18. Qxe6+ Kh7 19. Qf5+ {führt zum Dauerschach. (De la Riva)})
16... Qe7 17. Ne4 {Here I was struck by the fact that White has only a pawn
for a piece and still has the better position! The problem for Black is that
his bishops are awful. I dreamt for a second about how nice a B on d5 would
look, but had to return to the position on hand! Lutz: Das Hauptproblem der
schwarzen Stellung sind seine passiven Läufer.} (17. Qc2 {Lutz} Rh7 $5 18. Qg6+
Kh8 19. Bxe6 Qg5 {Lutz: und Schwarz verteidigt sich. (De la Riva)}) 17... Rh7 {
Lutz: Wie Anand analysiert, funktioniert 17...c5 nicht :} (17... c5 {The move
I spent a long time on, but in the end I decided that Black had to grovel a
bit longer.} 18. Nd6 Bd5 (18... cxd4 19. Rf7 $1 {Kramnik (Kramnik)} (19. Nxb7
Nxe5 $1 $13) 19... Qxf7 20. Nxf7 Kxf7 21. Bf3 $1 Bd5 22. Bxd5 exd5 23. Qf3+ Ke6
24. Rf1 $18) 19. Bf3 $1 (19. Rf7 Qd8 $1 (19... Qg5 20. Rxd7 $18) 20. Qc2 Qg5
21. Rxd7 (21. Raf1 Bxd6 22. exd6 Qxg4 23. R1f4 Qg5 24. Rxd7 cxd4) (21. Bf3 Bxd6
(21... Nxe5 22. dxe5 Bxd6 23. Rf4) 22. Rxd7 Bxf3 23. gxf3 Bf8) 21... Qxg4)
19... cxd4 (19... Bg7 20. Nf5 $1 $16 {So that Black can't play Qe6} (20. Bxd5
exd5 21. Nf5 Qe6 22. Qg4 Rh7) (20. Nf5 $1 {Lutz} Qe8 21. Bh5 Qd8 22. Nxg7 Kxg7
23. Qg4+)) 20. Bxd5 exd5 21. Qg4+ Bg7 $8 22. Rf7 $40 {White regains his piece
with a raging attack to boot.}) 18. Nd6 Rb8 {Vlad now sank into thought for a
long time - I imagined that he was trying to decide which of several promising
continuations to go for. As it turned out, he had spent a long time on many
lines, and didn't find anything convincing. Then he saw a move which
discourages Black's "only" resource - c6-c5 and decided to go for it.} 19. b4
$2 {What on earth is this move? I hadn't even considered it. After the
surprise faded, I realized that White was going to squash Black if I didn't do
something about it.  Incidentally, it is difficult to imagine that this pawn
move is going to be the cause of White's defeat!! Lutz: Die kritische Stellung
der Partie ist erreicht. Mit dem Textzug möchte Kramnik ...c5 verhindern.
Schwarz kann diesen Zug aber unter Bauernopfer durchsetzen.} (19. axb5 cxb5 20.
Nxb7 Rxb7 21. Rxa6 Rb6 22. Rxb6 (22. Ra8 Rb8 23. Ra7 $44) 22... Nxb6 23. Rf6
$16 {Kramnik, Kasparov} Kh8 (23... Qd8 24. Bxe6+ Kh8 25. Qg4 Bg7 (25... Be7 26.
Rg6 Bg5 27. Rg8+ Qxg8 28. Bxg8 Kxg8 29. h4 $18) 26. Rf7 $18) 24. Bxe6 $1 Bg7
25. Rg6 $16) (19. Qc2 $5 {Lutz Lutz: ist weniger überzeugend.} Rg7 20. Bh5 Qg5
(20... c5 21. Nf7 $5) 21. Bf7+ Kh8) 19... h5 $1 {If White plays Bh5, Black
hardly has a move left. Befreit den Bf8.} 20. Bh3 (20. Bxh5 Qg5 {After Bxd6,
Black can hardly be worse.}) (20. Bf3 h4 21. g4 Bh6 $15) 20... Bh6 $1 21. Kh1 {
Lutz: Dieser prophylaktische Zug nimmt ...Be3+ aus der Stellung, somit ist der
Ph5 bedroht.} Bg5 {Taking some vital squares from the White Rf1. He can't play
Rf4 or Rf6 anymore, so Black can play Nf8 eventually. What a relief it is to
get one bishop out. Now, if my other bishop could only get out...!} 22. Qc2 {
Here I saw that he wanted to "triangulate" his queen to e4. I then saw a
variation which led to White playing 26.Nxg5; I didn't see a defence and was
about to play 22...Nf8 when a crazy idea occured to me - was it actually
possible to ignore a knight poised on g5 after capturing a piece of mine?? I
spent some time checking this and decided to go for it.} (22. Ra3 c5 $1 23.
bxc5 (23. Nxb7 {Lutz} cxb4) 23... Bd5) 22... Rg7 {We both the next few moves
quickly.} (22... Nf8 {A distressing alternative. Black wants to change a pair
of rooks and this doesn't help any.} 23. Ra3 $1 $44 {/\ Raf3}) 23. Qe2 Ba8 $1 {
Lutz: Mit einer überraschenden Idee verbunden.} (23... Rh7 $2 24. Qe4 $1 $16 (
24. Qe4 {Lutz "mit klarem weißen Vorteil" gemäß Anand. Nach} Nf8 {ist mir die
Sache aber nicht so klar, da Schwarz im nächsten Zug ...c5 spielen will, z.B.}
25. Ra3 c5 26. Nxb7 Qxb7 27. Bxe6+ Nxe6 28. Qg6+ Kh8 29. Qxe6 cxd4 $17 {
Lutz: Allerdings ist Anands Textzug stärker.})) 24. Qxh5 Rf8 25. Ne4 (25. axb5
cxb5 $1 {/\ Bd5}) 25... c5 $1 26. Nxg5 Bd5 $3 {Finally the bishop gets out.
Unbelievably, Black is already better. Vlad was short of time and instead of
taking his last chance (27.Bxe6) decided to try something else. Lutz: Schwarz
gibt die Figur zurück und steht besser ! Dagegen wäre 26...Rxg5 schlecht
gewesen.} (26... Rxg5 27. Bxe6+ Kg7 28. Qh4 {I couldn't find a way out and
this was confirmed afterwards - White is winning.} cxd4 29. Bxd7 Rxf1+ 30. Rxf1
Rxe5 31. Qxd4 $18) 27. Nf3 $2 (27. Bxe6+ $1 Bxe6 28. Rxf8+ Nxf8 29. Ne4 Rh7 30.
Qd1 (30. Qe2 cxd4 $17) 30... Rxh2+ $1 31. Kxh2 Qh7+ 32. Kg1 Qxe4 $17) (27.
Rxf8+ $6 Nxf8 28. Bxe6+ Nxe6) 27... cxb4 {Capturing the pawn which advanced so
audaciously on move 19. White is already lost - the bishop on h3 is dead and
the queenside passers will decide the issue.} 28. axb5 axb5 29. Nh4 Qg5 $1 {
In his hurry, Vlad had overlooked this and now it's over. Lutz: Die schwarzen
Bauern am Damenflügel entscheiden. Ironischerweise ist es nun der weiße Läufer,
der nicht mitspielt.} 30. Rxf8+ Nxf8 31. Qe8 Rf7 {Stopping Rf1} 32. Nf3 Qg6 $1
(32... Qe3 $2 33. Bg4 $1) 33. Qxb5 b3 34. Rf1 Qd3 35. Kg1 Qe3+ 36. Kh1 c3 $1 (
36... Rb7 $4 {I considered this, but smelt a rat and decided to stick with 36..
.c3.} 37. Bxe6+ $1 $18) 37. Bxe6 $1 {I thanked my intuition for choosing 36...
c3 over 36...Rb7 and continued...} Bxe6 38. d5 Rxf3 $1 39. gxf3 {Seven passed
pawns! Lutz: Wie Anand hervorhob, befinden sich 7 Freibauern auf dem Brett !} (
39. Rxf3 c2 $19 40. Qf1 Qxf3 41. gxf3 b2) 39... Bh3 40. Qc4 Bxf1 {Either pawn
move wins, but why try something pretty on move 40?} 41. Qg4+ Kh7 42. e6 Ng6
0-1

[Event "SCG-chT"]
[Site "Budva"]
[Date "2003.09.05"]
[Round "7.31"]
[White "Atalik, Suat"]
[Black "Lajthajm, Borko"]
[Result "1/2-1/2"]
[WhiteElo "2599"]
[BlackElo "2422"]
[Annotator "Atalik,S"]
[PlyCount "50"]
[EventDate "2003.09.??"]
[EventType "team"]
[EventRounds "11"]
[EventCountry "YUG"]
[SourceTitle "CBM 096 Extra"]
[Source "ChessBase"]
[SourceDate "2003.10.22"]
[SourceVersion "2"]
[SourceVersionDate "2003.10.20"]
[SourceQuality "1"]

1. d4 d5 2. c4 c6 3. Nc3 Nf6 4. Nf3 e6 5. Bg5 h6 6. Bxf6 ({Enough with the
sacrificial line.I just wanted to try something different.} 6. Bh4 dxc4 7. e4
g5 8. Bg3 b5 9. Be2 Bb7 10. Ne5) 6... Qxf6 7. e3 Nd7 8. Bd3 b6 $2 {Jezus
Christ!This is just absolutely suicidal.} (8... dxc4 9. Bxc4 g6 10. O-O Bg7 11.
b4 O-O 12. a4 $5 $13) 9. Qa4 $1 {Forcing cd5 ed5.} Bb7 10. cxd5 exd5 11. O-O
Be7 (11... Qd8 12. e4 dxe4 13. Bxe4 $16) 12. Nxd5 $2 {Absolutely unnecessarily
brutal.} ({After} 12. Rac1 a6 13. e4 $16 {his game would be in a very bad
shape.}) (12. Rfe1 Qd6 13. e4 O-O $14) 12... cxd5 13. Ne5 Qd6 14. Bb5 Rd8 15.
Qxa7 O-O 16. Nxd7 {This looked totally winning.After all this is R+3P vs 2B.} (
16. Qxb7 $2 Nxe5 17. dxe5 Qxe5 18. Qxb6 Rb8 19. Qa6 d4 20. a4 dxe3 21. fxe3 Bd6
22. g3 Qxe3+ 23. Kg2 Qe4+ $11) 16... Rxd7 17. Bxd7 Qxd7 18. Qxb6 Ra8 $3 {
Extremely tough! I did not appreciate this idea at once but it is really
making things very difficult for white.} 19. Rfc1 ({He keeps himself alive
after} 19. a4 Ra6 20. Qb5 Qxb5 21. axb5 Rb6 22. Rfc1 Bd6 23. Ra5 Bb4 24. Ra7
Bd6 $14) 19... Bd8 20. Qb4 Ra6 21. a4 $2 {I have played the first part very
slow so played one move too quick and spoil the things up.} (21. h3 $142 Rg6
22. Kh1 Ba6 23. Qd2 Qf5 24. a4 Bd3 25. f3 Bc4 26. a5 Qg5 27. b3 Ba6 28. b4 Qg3
(28... Bc4 $2 29. Rxc4 dxc4 30. a6 Qd5 31. a7 Qa8 32. Qc2 Re6 33. Qxc4 Rxe3 34.
d5 $18) 29. f4 Re6 30. Qe1 Qg6 31. Rc5 $16) 21... Rg6 22. Qd2 {I just wanted
to secure a draw before his bishops become very active.} (22. Qb5 Bc6 23. Qb8
Kh7 24. a5 Bc7 25. Qb3 Bb5 26. Qc2 Bb8 27. Qc8 Qd6 28. g3 Ba6 29. Qe8 Rf6 $13)
(22. g3 Ba6) 22... Rxg2+ {He also is happy with a draw but he could have
continued the game.} (22... Ba6 $5 23. f3) (22... Qh3 23. g3 Ba6 24. b4 Bc4 25.
b5 {and the fight continues.}) 23. Kxg2 Qg4+ {Now the game ends up with
perpetual checks.} 24. Kh1 Qf3+ 25. Kg1 Qg4+ 1/2-1/2

[Event "Panormo zt"]
[Site "Panormo"]
[Date "1998.10.30"]
[Round "7"]
[White "Bagaturov, Giorgi"]
[Black "Atalik, Suat"]
[Result "1/2-1/2"]
[WhiteElo "2540"]
[BlackElo "2585"]
[Annotator "Atalik,S"]
[PlyCount "81"]
[EventDate "1998.10.24"]
[EventType "swiss"]
[EventRounds "11"]
[EventCountry "GRE"]
[SourceTitle "EXT 2002"]
[Source "ChessBase"]
[SourceDate "2001.11.25"]
[SourceVersion "1"]
[SourceVersionDate "2001.11.25"]
[SourceQuality "1"]

1. d4 d5 2. Nf3 Nf6 3. c4 c6 4. Nc3 e6 5. Bg5 h6 6. Bxf6 Qxf6 7. e3 Nd7 8. Bd3
dxc4 9. Bxc4 g6 10. O-O Qe7 $5 {My recipe.The move prevents 11.b4 but also
deprives black from reacting with e7-e5 against e3-e4.} 11. e4 Bg7 12. Qe2 $6 (
12. e5 $142 O-O 13. Re1) 12... O-O 13. Rad1 b5 $1 14. Bd3 (14. Bb3 Bb7 15. e5
c5 16. Nxb5 Bxf3 17. Qxf3 cxd4 18. Nxd4 Nxe5 $15) 14... b4 15. Na4 c5 16. Bb5
cxd4 17. Nxd4 Bb7 (17... Ne5 $3 18. Nc6 (18. f4 a6 $1 19. Nb6 axb5 20. Nxa8 Nc4
21. b3 Na3) 18... Nxc6 19. Bxc6 Rb8 20. e5 $13) 18. Nxe6 Qxe6 19. Bxd7 $1 (19.
Rxd7 $6 Qxe4 20. Qxe4 Bxe4 $17) 19... Qxe4 20. Qxe4 Bxe4 21. Nc5 Bf5 22. Bxf5
gxf5 23. Na6 $1 (23. Rd2 $6 Rfd8 $36) 23... Bxb2 24. Nxb4 Rfe8 (24... Rfd8 25.
Nc6 Rxd1 26. Rxd1 Kg7 27. Kf1 Rc8 28. Nxa7) (24... Ba3 25. Nd5 Rfd8 26. Rd3) (
24... Rfc8 25. Rd7 (25. Nd5 Kg7 26. Rfe1 Rc5 $11) 25... Ba3 26. Nd5 Rc2) 25.
Nd5 Re4 (25... Rad8 $2 26. Ne7+ Kh7 27. Nxf5) 26. Rd2 Bg7 27. g3 $1 $16 Rae8
28. Kg2 Ra4 29. Rc1 Kf8 30. Rc7 $6 (30. Rcc2 $16) 30... Rd8 $1 31. Re2 Re4 32.
Rxe4 fxe4 33. Ne3 Bd4 34. Nf5 Bb6 35. Rc2 (35. Rc6 h5 36. Rh6 Kg8 37. Ne7+ Kg7
38. Nf5+ $11) 35... h5 36. g4 hxg4 37. Kg3 Kg8 38. Kxg4 Rd3 39. Kf4 Rh3 40.
Kxe4 Rxh2 41. Kf3 1/2-1/2